La rabbia /
I tiakina i:
| Kaituhi matua: | |
|---|---|
| Ētahi atu kaituhi: | |
| Hōputu: | Pukapuka |
| Reo: | Itāriana |
| I whakaputaina: |
Bologna :
Cineteca di Bologna,
[2009]
|
| Ngā Tūtohu: |
Kāore He Tūtohu, Me noho koe te mea tuatahi ki te tūtohu i tēnei pūkete!
|
MARC
| LEADER | 00000nam a22000007i 4500 | ||
|---|---|---|---|
| 001 | IT\ICCU\UBO\3545319 | ||
| 003 | ItRI | ||
| 005 | 20260115232202.0 | ||
| 008 | 081218s2009 it |||||| ||||| |||||c | ||
| 020 | |a 9788895862118 | ||
| 040 | |b ita |c importazione bologna sebina | ||
| 041 | 7 | |a ita |2 ISO-639-2 | |
| 100 | 1 | |a Pasolini, Pier Paolo |0 IT\ICCU\CFIV\001068 |4 aut | |
| 240 | 1 | 3 | |a La rabbia |3 IT\ICCU\UBO\4569765 |9 Pasolini, Pier Paolo |
| 245 | 1 | 3 | |a La rabbia / |c Pier Paolo Pasolini ; a cura di Roberto Chiesi. |
| 260 | |a Bologna : |b Cineteca di Bologna, |c [2009] | ||
| 300 | |a 221 p. : |b in gran parte ill. ; |c 23 x 23 cm. | ||
| 700 | 1 | |a Chiesi, Roberto |0 IT\ICCU\FERV\071766 | |
| 942 | |2 ddc |c BK |n 0 | ||
| 952 | |0 0 |1 0 |4 0 |6 DOC_791_430000000000000_PAS |7 0 |9 21581 |a BO |b BO |d 2026-01-15 |i 16491 |l 0 |o DOC 791.430 PAS |p BO16491 |r 2026-01-15 23:22:02 |w 2026-01-15 |x [Sebina 5] [1 v.] |y BK |z 1 v. | ||
| 999 | |c 18428 |d 18428 | ||